| 000 | 00842cam a2200301 4500 | ||
|---|---|---|---|
| 001 | 1225702 | ||
| 003 | OSt | ||
| 005 | 20170105101210.0 | ||
| 008 | 680301s1968 nyua b 000 0 eng | ||
| 010 | _a 68021513 | ||
| 035 | _a(OCoLC)ocm00171422 | ||
| 035 | _a(NNC)1225702 | ||
| 040 |
_aDLC _cDLC _dm.c. _dZCU |
||
| 050 | 0 |
_aBF131 _b.K5 1968 |
|
| 082 | _a150 | ||
| 100 | 1 | _aKimble, Gregory A. | |
| 245 | 1 | 0 |
_aPrinciples of general psychology _c[by] Gregory A. Kimble [and] Norman Garmezy. |
| 250 | _a3d ed. | ||
| 260 |
_aNew York, _bRonald Press Co. _c[1968] |
||
| 300 |
_ax, 756 p. _billus. _c26 cm. |
||
| 500 | _aOn spine: General psychology. | ||
| 504 | _aBibliography: p. 721-741. | ||
| 650 | 0 | _aPsychology. | |
| 700 | 1 |
_aGarmezy, Norman, _eauthor. |
|
| 740 | 0 | 1 | _aGeneral psychology. |
| 942 |
_2ddc _cBK |
||
| 999 |
_c3169 _d3169 |
||